Control de calidad / Dale H. Besterfield (Registro nro. 18564)

Detalles MARC
000 -LÍDER
fixed length control field 00476nam a2200169 4500
008 - ELEMENTOS DE LONGITUD FIJA -- INFORMACIÓN GENERAL
fixed length control field 0 1995 0ant 000 0MEX
020 ## - NÚMERO INTERNACIONAL NORMALIZADO PARA LIBROS
ISBN 968-880-530-0
050 ## - SIGNATURA TOPOGRAFICA DE LA BIBLIOTECA DEL CONGRESO (LC)
Número de Clasificación TS156 B561
082 ## - NUMERO DE CLASIFICACION DECIMAL DEWEY
Número de Clasificación 658.568 B166c
100 ## - ASIENTO PRINCIPAL--NOMBRE PERSONAL
Nombre personal Besterfield, Dale H.
245 ## - TÍTULO
Título Control de calidad / Dale H. Besterfield
250 ## - MENCIÓN DE EDICIÓN
Mención de edición 4
260 ## - PUBLICACIÓN, DISTRIBUCIÓN, ETC. (PIE DE IMPRENTA)
Lugar de publicación, distribución, etc. México : Pearson Educación : Prentice Hall
300 ## - DESCRIPCIÓN FÍSICA
Extensión 508 p. / 23 cm.
500 ## - NOTA GENERAL
Nota general Incluye Diskette
650 ## - ASIENTO SECUNDARIO DE MATERIA - TERMINO TEMÁTICO
Término temático o nombre geográfico como elemento de entrada 1.CONTROL DE CALIDAD
Existencias
No. biblioteca No. biblioteca Número de clasificación Código de barras/Número de adquisición Número de copia Tipo de material
LUIS G. INCLAN LUIS G. INCLAN 658.568 B166c 26357 1 Libros
LUIS G. INCLAN LUIS G. INCLAN 658.568 B166c 29540 2 Libros
LUIS G. INCLAN LUIS G. INCLAN 658.568 B166c 29542 4 Libros
LUIS G. INCLAN LUIS G. INCLAN 658.568 B166c 29541 5 Libros
LUIS G. INCLAN LUIS G. INCLAN 658.568 B166c 30320 6 Libros
LUIS G. INCLAN LUIS G. INCLAN 658.568 B166c 44450 7 Libros
Calzada Tecnológico # 27, Zacatepec, Morelos.
01(734) 343-07-23 / 343-21-10 / 343-21-11
Apdo. Postal 45 C.P 62780